[Event "32nd Pula Open 2018"]
[Site "Pula CRO"]
[Date "2018.06.25"]
[Round "4.2"]
[White "Horton, Andrew P"]
[Black "Zelcic, Robert"]
[Result "1-0"]
[WhiteTitle "FM"]
[BlackTitle "GM"]
[WhiteElo "2407"]
[BlackElo "2499"]
[WhiteFideId "424269"]
[BlackFideId "14500310"]
[EventDate "2018.06.23"]

1. Nf3 Nf6 2. c4 e6 3. g3 d5 4. Bg2 Be7 5. O-O O-O 6. b3 d4 7. e3 c5 8. Bb2 Nc6
9. exd4 cxd4 10. Re1 Re8 11. d3 Bb4 12. Nbd2 e5 13. a3 Bc3 14. Qc2 Bxb2 15. Qxb2
Bf5 16. Qc2 a5 17. Ng5 Qd7 18. Rab1 h6 19. Nge4 Nxe4 20. Nxe4 Bxe4 21. Bxe4 f5
22. Bd5+ Kh8 23. b4 axb4 24. axb4 e4 25. dxe4 fxe4 26. Bxe4 Ne5 27. Bd5 d3 28.
Qd1 Qf5 29. Qd2 Qd7 30. Re3 Re7 31. Rbe1 Rae8 32. b5 Qg4 33. Qc3 Qf5 34. Qd4 Qf6
35. Kg2 b6 36. Qf4 d2 37. Rd1 Qxf4 38. gxf4 Ng6 39. Kf3 Nh4+ 40. Kg4 Ng6 41.
Rxe7 Nxe7 42. Rxd2 Rd8 43. Kf3 g6 44. Rd3 Rc8 45. Be6 Nf5 1-0

[Event "32nd Pula Open 2018"]
[Site "Pula CRO"]
[Date "2018.06.25"]
[Round "4.3"]
[White "Jelen, Igor"]
[Black "Plenca, Jadranko"]
[Result "1/2-1/2"]
[WhiteTitle "IM"]
[BlackTitle "IM"]
[WhiteElo "2360"]
[BlackElo "2482"]
[WhiteFideId "14600668"]
[BlackFideId "14527146"]
[EventDate "2018.06.23"]

1. d4 d5 2. c4 e6 3. Nc3 a6 4. cxd5 exd5 5. Bf4 Nf6 6. e3 Bd6 7. Bg3 Bf5 8. Bd3
Bxd3 9. Qxd3 O-O 10. Nf3 Re8 11. O-O-O c6 12. Kb1 Ne4 13. Ne5 Nxc3+ 14. Qxc3 Qe7
15. Nd3 Nd7 16. Rhe1 a5 17. Re2 Nb6 18. Bxd6 Qxd6 19. Qc5 Qc7 20. Nf4 Ra6 21.
Rc1 Qb8 22. Qc2 Nc4 23. Qf5 Rb6 24. Ka1 a4 25. Qg4 Re4 26. Qg3 Qf8 27. Nd3 Re7
28. Nc5 Qa8 29. e4 h6 30. e5 Rb5 31. f4 Qc8 32. Nxa4 Ra5 33. Nc3 b5 34. b3 Nb6
35. Qh3 Qa8 36. f5 f6 37. Qg3 Raa7 38. Rce1 b4 39. Nb1 fxe5 40. dxe5 Ra5 41. f6
Rea7 42. Qf2 d4 43. e6 gxf6 44. e7 Qe8 45. Qxf6 Nd5 46. Qxh6 Ne3 47. Rc1 Rxe7
48. Rxc6 Rg7 49. Qe6+ Qxe6 50. Rxe6 Nxg2 51. Rd2 Ne3 52. Rb6 Rc7 53. Rd6 Kf7 54.
R6xd4 Nc2+ 55. Kb2 Nxd4 56. Rxd4 Rca7 57. Rxb4 Rxa2+ 58. Kc3 Rxh2 59. Rf4+ Ke6
60. Nd2 Rh3+ 61. Rf3 Rxf3+ 62. Nxf3 Kd5 63. Nd2 Rh7 64. Nc4 Kc5 65. b4+ Kb5 66.
Na3+ Ka4 67. Nc2 Rc7+ 68. Kd3 Kb3 69. Nd4+ Kxb4 70. Nc2+ Kc5 71. Ne3 Rh7 72. Ke4
Rd7 73. Nf5 Rd8 74. Ne3 Rd2 1/2-1/2

[Event "32nd Pula Open 2018"]
[Site "Pula CRO"]
[Date "2018.06.25"]
[Round "4.4"]
[White "Haria, Ravi"]
[Black "Pichler, Michael"]
[Result "1-0"]
[WhiteTitle "IM"]
[WhiteElo "2440"]
[BlackElo "2239"]
[WhiteFideId "415820"]
[BlackFideId "1611208"]
[EventDate "2018.06.23"]

1. e4 e6 2. d4 d5 3. Bd3 c5 4. exd5 exd5 5. Nf3 c4 6. Be2 Nf6 7. b3 cxb3 8. axb3
Bb4+ 9. c3 Be7 10. O-O O-O 11. Bd3 Bg4 12. Nbd2 Nc6 13. Re1 Bh5 14. Nf1 Re8 15.
Ng3 Bg6 16. Ne5 Bd6 17. f4 Bxd3 18. Qxd3 Qc7 19. Bd2 Rad8 20. Re2 Re6 21. Rae1
Ree8 22. Ng4 Rxe2 23. Nxf6+ gxf6 24. Rxe2 Kh8 25. Nh5 Be7 26. Be1 Rg8 27. Bh4
Rg6 28. f5 1-0

[Event "32nd Pula Open 2018"]
[Site "Pula CRO"]
[Date "2018.06.25"]
[Round "4.5"]
[White "Ostovic, Matija"]
[Black "Schnider, Gert"]
[Result "1-0"]
[WhiteTitle "FM"]
[BlackTitle "IM"]
[WhiteElo "2352"]
[BlackElo "2422"]
[WhiteFideId "14515547"]
[BlackFideId "1606310"]
[EventDate "2018.06.23"]

1. Nf3 Nf6 2. c4 e6 3. d4 d5 4. e3 a6 5. b3 c5 6. cxd5 exd5 7. Be2 Nc6 8. O-O
cxd4 9. Nxd4 Bd6 10. Bb2 O-O 11. Nd2 Re8 12. a3 Bd7 13. b4 Ne5 14. Rc1 Qe7 15.
N4f3 Neg4 16. Bd4 Ne4 17. h3 Nh6 18. Qb3 Be6 19. Qb2 f6 20. Nxe4 dxe4 21. Nd2
Bf7 22. Nc4 Bc7 23. Rfd1 Nf5 24. Bc5 Qe6 25. g4 Nh4 26. Nd6 Bxd6 27. Rxd6 Qe5
28. Qxe5 Rxe5 29. Rd7 b5 30. Bd6 Rg5 31. Bg3 Nf3+ 32. Kg2 h5 33. Bxf3 exf3+ 34.
Kxf3 hxg4+ 35. hxg4 Bd5+ 36. e4 Be6 37. Re7 Bxg4+ 38. Ke3 Bh5 39. Bf4 Rg4 40.
Rc5 Re8 41. Rxe8+ Bxe8 42. Rc8 Kf7 43. Ra8 Rg1 44. Ra7+ Kg6 45. Rxa6 Rd1 46. Bd6
Bf7 47. f4 Bc4 48. Bf8 Rd7 49. Bd6 Kf7 50. Kd4 Bf1 51. Kc5 Bd3 52. Kc6 Rd8 53.
Ra7+ Kg6 54. e5 fxe5 55. fxe5 Rc8+ 56. Kd5 Bc4+ 57. Ke4 Rh8 58. Kd4 Rh3 59. a4
Rd3+ 60. Ke4 bxa4 61. Rxa4 Rd1 62. Ra7 Bd5+ 63. Ke3 Bc6 64. Ra6 Bb5 65. Rb6 Bc4
66. Rc6 Rd3+ 67. Kf2 Rd2+ 68. Ke1 Bd5 69. Rc5 Rd4 70. b5 Kf5 71. b6 g5 72. Rxd5 1-0

[Event "32nd Pula Open 2018"]
[Site "Pula CRO"]
[Date "2018.06.25"]
[Round "4.6"]
[White "Gumularz, Szymon"]
[Black "Sestic, Nermin"]
[Result "1-0"]
[WhiteTitle "IM"]
[WhiteElo "2452"]
[BlackElo "2147"]
[WhiteFideId "1188062"]
[BlackFideId "14405458"]
[EventDate "2018.06.23"]

1. e4 e6 2. d3 d5 3. Qe2 Nf6 4. Nf3 Be7 5. g3 O-O 6. Bg2 c5 7. O-O Nc6 8. e5 Nd7
9. c4 dxc4 10. dxc4 Qc7 11. Bf4 b6 12. Nc3 a6 13. Nd5 Qd8 14. Nxe7+ Qxe7 15.
Rad1 Bb7 16. Bg5 f6 17. exf6 gxf6 18. Bh6 Rfe8 19. Nh4 Nde5 20. f4 Ng6 21. Qg4
Qf7 22. f5 exf5 23. Rxf5 Ne5 24. Rxe5 Rxe5 25. Bxb7 Qxb7 26. Nxg6 Re4 27. Nf4+
Kh8 28. Rd7 1-0

[Event "32nd Pula Open 2018"]
[Site "Pula CRO"]
[Date "2018.06.25"]
[Round "4.7"]
[White "Srienz, Christian"]
[Black "Tratar, Marko"]
[Result "0-1"]
[WhiteTitle "FM"]
[BlackTitle "GM"]
[WhiteElo "2212"]
[BlackElo "2449"]
[WhiteFideId "1603175"]
[BlackFideId "14600684"]
[EventDate "2018.06.23"]

1. c4 b6 2. Nc3 e6 3. d4 Bb4 4. e4 Bb7 5. d5 Qe7 6. Be2 Nf6 7. Bg5 Bxc3+ 8. bxc3
h6 9. Bh4 e5 10. Bd3 Na6 11. f3 Nc5 12. Ne2 Ba6 13. Rb1 c6 14. Nc1 Nxd3+ 15.
Qxd3 cxd5 16. Bxf6 Qxf6 17. Qxd5 O-O 18. Nd3 Rac8 19. Rb4 Qg5 20. Ra4 Bb7 21.
Qd6 Rc6 22. Qd5 Rg6 0-1

[Event "32nd Pula Open 2018"]
[Site "Pula CRO"]
[Date "2018.06.25"]
[Round "4.8"]
[White "Loncar, Robert"]
[Black "Mayr, Thomas"]
[Result "1-0"]
[WhiteTitle "IM"]
[BlackTitle "CM"]
[WhiteElo "2423"]
[BlackElo "2218"]
[WhiteFideId "14501325"]
[BlackFideId "1607677"]
[EventDate "2018.06.23"]

1. d4 Nf6 2. c4 c5 3. d5 d6 4. Nc3 e5 5. e4 Be7 6. h3 Nbd7 7. Bd3 Nf8 8. Be3 Ng6
9. g3 h6 10. f3 Nh7 11. h4 O-O 12. Qc2 Bd7 13. a3 a6 14. Nge2 Rb8 15. b4 cxb4
16. axb4 Qc7 17. Kd2 Rfc8 18. Rhc1 Qd8 19. Qb3 Nf6 20. Nd1 Qf8 21. Qa3 Ne8 22.
Ba7 Ra8 23. Bb6 Nc7 24. Qa5 Bd8 25. Ne3 Ne7 26. Rf1 Rab8 27. f4 Na8 28. Bxd8
Qxd8 29. fxe5 dxe5 30. Qxd8+ Rxd8 31. c5 Nc8 32. d6 Bc6 33. Nc3 Na7 34. Bc4 Be8
35. Ncd5 Nc6 36. Kc3 Rbc8 37. Nf5 1-0

[Event "32nd Pula Open 2018"]
[Site "Pula CRO"]
[Date "2018.06.25"]
[Round "4.9"]
[White "Zufic, Miroslav"]
[Black "Voscilla, Adriano"]
[Result "1-0"]
[WhiteTitle "IM"]
[BlackTitle "FM"]
[WhiteElo "2384"]
[BlackElo "2202"]
[WhiteFideId "14506157"]
[BlackFideId "14500736"]
[EventDate "2018.06.23"]

1. Nf3 Nf6 2. g3 d5 3. Bg2 Bf5 4. O-O e6 5. d3 Be7 6. c4 c6 7. Qb3 Qb6 8. Be3
Qxb3 9. axb3 Na6 10. Nd4 Kd7 11. Nxf5 exf5 12. Nc3 Ke6 13. cxd5+ Nxd5 14. Bd4 f6
15. Nxd5 cxd5 16. Ra5 Nb4 17. Rb5 Rhd8 18. Rxb7 Nc6 19. Be3 Rab8 20. Rc7 Ne5 21.
Bd4 Rxb3 22. Ra1 Rb5 23. f4 Rd7 24. Ra6+ Kf7 25. Bxe5 Bc5+ 26. Kf1 Rxc7 27. Bxc7
Be3 28. b4 1-0

[Event "32nd Pula Open 2018"]
[Site "Pula CRO"]
[Date "2018.06.26"]
[Round "5.1"]
[White "McPhillips, Joseph"]
[Black "Haria, Ravi"]
[Result "1/2-1/2"]
[WhiteTitle "FM"]
[BlackTitle "IM"]
[WhiteElo "2399"]
[BlackElo "2440"]
[WhiteFideId "422487"]
[BlackFideId "415820"]
[EventDate "2018.06.23"]

1. Nf3 e6 2. e4 d5 3. e5 c5 4. b4 d4 5. bxc5 Bxc5 6. Ba3 Qa5 7. Bxc5 Qxc5 8. c3
Nc6 9. cxd4 Nxd4 10. Qa4+ Bd7 11. Qxd4 Qc1+ 12. Ke2 Bb5+ 13. d3 Rd8 14. Nbd2 Qa3
15. Qf4 Qb2 16. Rd1 Bxd3+ 17. Ke1 Bc2 18. Be2 Bxd1 19. Bxd1 Ne7 20. Qa4+ Nc6 21.
Qb3 Qc1 22. Qxb7 Nd4 23. Nxd4 Rxd4 24. Qb8+ Ke7 25. Qb7+ Ke8 26. Qb5+ Ke7 27.
Qb7+ Ke8 28. Qb8+ 1/2-1/2

[Event "32nd Pula Open 2018"]
[Site "Pula CRO"]
[Date "2018.06.26"]
[Round "5.3"]
[White "Plenca, Jadranko"]
[Black "Popovic, Milan S"]
[Result "1/2-1/2"]
[WhiteTitle "IM"]
[WhiteElo "2482"]
[BlackElo "2264"]
[WhiteFideId "14527146"]
[BlackFideId "940720"]
[EventDate "2018.06.23"]

1. e4 d6 2. d4 Nf6 3. Nc3 e5 4. Nf3 exd4 5. Nxd4 Be7 6. Bc4 O-O 7. O-O c6 8. Re1
Re8 9. a3 Bf8 10. Bf4 Nbd7 11. h3 Ne5 12. Bb3 Bd7 13. Bg3 Ng6 14. Qd3 Ne5 15.
Qd2 Qc7 16. f4 Ng6 17. Nf3 Be6 18. Bxe6 fxe6 19. Kh1 Rad8 20. Bh2 Qc8 21. Rad1
d5 22. Qe3 c5 23. e5 d4 24. Qc1 dxc3 25. exf6 gxf6 26. bxc3 Bh6 27. Rxd8 1/2-1/2

[Event "32nd Pula Open 2018"]
[Site "Pula CRO"]
[Date "2018.06.26"]
[Round "5.4"]
[White "Guid, Matej"]
[Black "Gumularz, Szymon"]
[Result "0-1"]
[WhiteTitle "FM"]
[BlackTitle "IM"]
[WhiteElo "2358"]
[BlackElo "2452"]
[WhiteFideId "14601966"]
[BlackFideId "1188062"]
[EventDate "2018.06.23"]

1. c4 e6 2. g3 d5 3. Bg2 Nf6 4. Nf3 dxc4 5. Na3 Bxa3 6. bxa3 Nbd7 7. Qa4 c5 8.
Qxc4 O-O 9. O-O b6 10. d4 Bb7 11. Rd1 Qe7 12. a4 Bd5 13. Qc3 cxd4 14. Nxd4 Rfc8
15. Qe3 Bxg2 16. Kxg2 Nc5 17. Qa3 Qb7+ 18. Kg1 Qa6 19. a5 bxa5 20. Bd2 a4 21.
Bb4 Ncd7 22. Qf3 Nd5 23. Nf5 Ne5 24. Qe4 exf5 25. Qxd5 Qxe2 26. Bc3 Nf3+ 27. Kg2
Qe4 28. Rac1 h6 29. Bb2 Rxc1 30. Bxc1 Rc8 31. Qxe4 0-1

[Event "32nd Pula Open 2018"]
[Site "Pula CRO"]
[Date "2018.06.26"]
[Round "5.5"]
[White "Tratar, Marko"]
[Black "Jelen, Igor"]
[Result "1-0"]
[WhiteTitle "GM"]
[BlackTitle "IM"]
[WhiteElo "2449"]
[BlackElo "2360"]
[WhiteFideId "14600684"]
[BlackFideId "14600668"]
[EventDate "2018.06.23"]

1. Nf3 Nf6 2. c4 g6 3. b3 Bg7 4. Bb2 O-O 5. g3 b6 6. Bg2 Bb7 7. O-O c5 8. d4 d5
9. dxc5 dxc4 10. Qxd8 Rxd8 11. cxb6 axb6 12. bxc4 Na6 13. Rc1 Nc5 14. Nbd2 Bh6
15. Bxf6 exf6 16. e3 Rd3 17. Nb3 Rd7 18. Nfd4 Bxg2 19. Kxg2 f5 20. Rc2 Bg7 21.
Rb1 Ne4 22. Ne2 Rda7 23. Nbc1 Ra6 24. Nf4 Rd8 25. Nd5 Rd6 26. Ne2 h5 27. Nd4 Kh7
28. Rcb2 Nc5 29. Rc2 Ne6 30. Nxe6 fxe6 31. Nb4 Ra4 32. h4 Kg8 33. Rb3 Bf8 34.
Nd3 Bg7 35. Nf4 Kf7 36. c5 bxc5 37. Rb7+ Kf6 38. Rxc5 Bh6 39. Rcc7 Bxf4 40. exf4
e5 41. Rf7+ Ke6 42. Rfe7+ Kd5 43. fxe5 Rc6 44. Rbd7+ Ke4 45. Rd2 f4 46. gxf4
Kxf4 47. Rd6 Rc2 48. Rxg6 Rcxa2 49. Rg5 Re2 50. Rf7+ Ke4 51. e6 Kd3 52. e7 Rxh4
53. Rg3+ Kd2 54. Rg8 Rhe4 55. Rgg7 Ke1 56. Kg3 h4+ 57. Kg2 Kd2 58. Kh3 Ke1 59.
f3 R4e3 60. Rg1+ Kd2 61. Rg2 Rxg2 62. Kxg2 Kd3 63. Kh3 Kd4 64. Rf4+ 1-0

[Event "32nd Pula Open 2018"]
[Site "Pula CRO"]
[Date "2018.06.26"]
[Round "5.6"]
[White "Krsnik Cohar, Ivan Vihor"]
[Black "Loncar, Robert"]
[Result "1/2-1/2"]
[WhiteTitle "FM"]
[BlackTitle "IM"]
[WhiteElo "2309"]
[BlackElo "2423"]
[WhiteFideId "14520044"]
[BlackFideId "14501325"]
[EventDate "2018.06.23"]

1. c4 e6 2. g3 d5 3. Bg2 Nf6 4. d4 Bb4+ 5. Nc3 O-O 6. a3 Be7 7. Nf3 a6 8. O-O
dxc4 9. Ne5 c5 10. dxc5 Qc7 11. Nxc4 Bxc5 12. Be3 Bxe3 13. Nxe3 Bd7 14. Rc1 Bc6
15. Ne4 Nxe4 16. Bxe4 Qe5 17. Bxc6 Nxc6 18. Nc4 Qb5 19. e3 Rad8 20. Qc2 Qh5 21.
Qe4 Rd5 22. Rc2 Rfd8 23. Kg2 h6 24. Rfc1 Rd3 25. Rc3 Rxc3 26. Rxc3 Qe2 27. Qc2
Qg4 28. h3 Qh5 29. Rd3 Rd5 30. e4 Rxd3 31. Qxd3 Qb5 32. Qc3 Qc5 33. Qd3 1/2-1/2

[Event "32nd Pula Open 2018"]
[Site "Pula CRO"]
[Date "2018.06.26"]
[Round "5.7"]
[White "Fossum, Oystein Boyum"]
[Black "Zufic, Miroslav"]
[Result "1/2-1/2"]
[BlackTitle "IM"]
[WhiteElo "2257"]
[BlackElo "2384"]
[WhiteFideId "1503430"]
[BlackFideId "14506157"]
[EventDate "2018.06.23"]

1. Nf3 g6 2. c4 Bg7 3. g3 Nf6 4. Bg2 O-O 5. O-O c6 6. Nc3 d5 7. cxd5 cxd5 8. d4
Nc6 9. Ne5 e6 10. Nxc6 bxc6 11. Na4 Nd7 12. b3 c5 13. Bb2 Ba6 14. dxc5 Bxb2 15.
Nxb2 Nxc5 16. Qd4 Nd7 17. Rfe1 Bb7 18. Nd3 a5 19. Rac1 Qb8 20. f4 Rc8 21. Rxc8+
Qxc8 22. Rc1 Qd8 1/2-1/2

[Event "32nd Pula Open 2018"]
[Site "Pula CRO"]
[Date "2018.06.26"]
[Round "5.8"]
[White "Beletic, Daniel"]
[Black "Ronce, Nathan"]
[Result "1-0"]
[WhiteTitle "FM"]
[WhiteElo "2370"]
[BlackElo "2210"]
[WhiteFideId "14602709"]
[BlackFideId "685623"]
[EventDate "2018.06.23"]

1. d4 d5 2. Bf4 Nf6 3. e3 c5 4. Nf3 Nc6 5. Nbd2 e6 6. c3 Bd6 7. Bg3 O-O 8. Bd3
b6 9. Qe2 Bb7 10. Rd1 Re8 11. e4 Be7 12. e5 Nh5 13. a3 c4 14. Bb1 b5 15. Nf1 a5
16. h4 g6 17. Bh2 Rf8 18. g4 Ng7 19. h5 b4 20. a4 Qd7 21. Qe3 Rfb8 22. Qh6 Ne8
23. hxg6 fxg6 24. Bf4 Bf8 25. Qh4 Bc8 26. Ng5 Qg7 27. Nxh7 Be7 28. Bg5 bxc3 29.
bxc3 Rb2 30. Bf6 Rab8 31. g5 Qf7 32. Nf8 Bxf6 33. gxf6 Kxf8 34. Qh6+ Ng7 35.
Qh8+ Qg8 36. fxg7+ 1-0

[Event "32nd Pula Open 2018"]
[Site "Pula CRO"]
[Date "2018.06.26"]
[Round "5.9"]
[White "Karsay, Pascal"]
[Black "Saric, Ante"]
[Result "0-1"]
[BlackTitle "GM"]
[WhiteElo "2227"]
[BlackElo "2543"]
[WhiteFideId "12953474"]
[BlackFideId "14506254"]
[EventDate "2018.06.23"]

1. Nf3 Nf6 2. g3 c5 3. Bg2 Nc6 4. O-O e5 5. d3 Be7 6. c4 d5 7. cxd5 Nxd5 8. Nc3
Be6 9. Bd2 Qd7 10. Nxd5 Bxd5 11. Bc3 f6 12. a4 Rc8 13. Nd2 Be6 14. Nc4 O-O 15.
a5 Rc7 16. Qa4 Rb8 17. Rfc1 Bf8 18. Rab1 g6 19. Ne3 Nd4 20. Qxd7 Rxd7 21. Bxd4
cxd4 22. Nc4 Bb4 23. Ra1 Rc7 24. Ra4 Bf8 25. Rb1 Kg7 26. b4 Bxc4 27. Rc1 Rbc8
28. Rxc4 Rxc4 29. dxc4 Rxc4 30. Bxb7 Rc1+ 31. Kg2 Rb1 32. Be4 Rb2 33. Bd3 Bxb4
34. g4 Bc3 35. Kf3 h5 36. h3 Kh6 37. a6 hxg4+ 38. hxg4 Rb6 39. Rc4 Rxa6 40. Rxd4
Ra3 41. g5+ Kh5 42. Rd6 Kxg5 43. Ra6 Rxa6 44. Bxa6 f5 45. e4 Bd4 46. Bb5 a5 47.
exf5 gxf5 48. Ke2 e4 49. Bc6 Kf4 50. Be8 Bb6 51. Bd7 Ke5 52. f3 e3 53. Kd3 f4
54. Bb5 Kd5 55. Kc3 Kc5 56. Be8 Bd8 0-1

[Event "32nd Pula Open 2018"]
[Site "Pula CRO"]
[Date "2018.06.26"]
[Round "5.10"]
[White "Zelcic, Robert"]
[Black "Krebs, Johann"]
[Result "1-0"]
[WhiteTitle "GM"]
[BlackTitle "FM"]
[WhiteElo "2499"]
[BlackElo "2222"]
[WhiteFideId "14500310"]
[BlackFideId "1603590"]
[EventDate "2018.06.23"]

1. e4 c5 2. Nf3 Nc6 3. d4 cxd4 4. Nxd4 Nf6 5. Nc3 e5 6. Ndb5 d6 7. Bg5 a6 8. Na3
b5 9. Nd5 Be7 10. Nxe7 Nxe7 11. Bxf6 gxf6 12. c4 f5 13. Bd3 fxe4 14. Bxe4 d5 15.
cxd5 Qa5+ 16. Kf1 Bb7 17. Qh5 Qb4 18. Qxe5 O-O 19. Nc2 Qc5 20. Ne3 Rfe8 21. Qf6
Rad8 22. Ng4 Bxd5 23. Bxh7+ 1-0

[Event "32nd Pula Open 2018"]
[Site "Pula CRO"]
[Date "2018.06.27"]
[Round "6.1"]
[White "Gumularz, Szymon"]
[Black "McPhillips, Joseph"]
[Result "1/2-1/2"]
[WhiteTitle "IM"]
[BlackTitle "FM"]
[WhiteElo "2452"]
[BlackElo "2399"]
[WhiteFideId "1188062"]
[BlackFideId "422487"]
[EventDate "2018.06.23"]

1. Nf3 d5 2. g3 Nf6 3. Bg2 e6 4. O-O Be7 5. c4 O-O 6. d4 dxc4 7. Ne5 Nc6 8. Nxc6
bxc6 9. Na3 Bxa3 10. bxa3 Rb8 11. Qa4 Qxd4 12. Be3 Qd6 13. Qxc4 Rb5 14. Rac1 Rd8
15. Bc5 Qd7 16. Bxa7 Bb7 17. Bc5 Ra8 18. Rfd1 Qe8 19. Rd2 Ba6 20. Qc2 Nd5 21. e4
Nf6 22. Bb4 Rb6 23. Qc3 Bb5 24. Qe5 Rb7 25. Bc3 h6 26. g4 Ba4 27. Qg3 Rb5 28.
Bxf6 gxf6 29. Qxc7 Qf8 30. Rd3 Re5 31. Qd6 Qxd6 32. Rxd6 Rea5 33. Bf1 Bb5 34.
Bxb5 cxb5 35. Rc7 1/2-1/2

[Event "32nd Pula Open 2018"]
[Site "Pula CRO"]
[Date "2018.06.27"]
[Round "6.2"]
[White "Horton, Andrew P"]
[Black "Tratar, Marko"]
[Result "1/2-1/2"]
[WhiteTitle "FM"]
[BlackTitle "GM"]
[WhiteElo "2407"]
[BlackElo "2449"]
[WhiteFideId "424269"]
[BlackFideId "14600684"]
[EventDate "2018.06.23"]

1. Nf3 g6 2. c4 Bg7 3. g3 e5 4. Nc3 Ne7 5. Bg2 d6 6. O-O O-O 7. d3 h6 8. Ne1 c6
9. e4 Be6 10. Nc2 a6 11. b3 b5 12. Ba3 Ra7 13. Rc1 Qd7 14. Qd2 c5 15. Nd5 b4 16.
Bb2 Nbc6 17. f4 f5 18. Rce1 fxe4 19. Nxe7+ Nxe7 20. Bxe4 Bh3 21. Rf2 exf4 22.
Bxg7 Kxg7 23. Rxf4 Rxf4 24. Qxf4 Nc6 25. Re2 Ne5 26. Rf2 Qd8 27. Qd2 Rf7 28. Ne3
Qf8 29. Nd5 1/2-1/2

[Event "32nd Pula Open 2018"]
[Site "Pula CRO"]
[Date "2018.06.27"]
[Round "6.3"]
[White "Haria, Ravi"]
[Black "Beletic, Daniel"]
[Result "1-0"]
[WhiteTitle "IM"]
[BlackTitle "FM"]
[WhiteElo "2440"]
[BlackElo "2370"]
[WhiteFideId "415820"]
[BlackFideId "14602709"]
[EventDate "2018.06.23"]

1. Nf3 d6 2. d4 g6 3. g3 Bg7 4. Bg2 Nd7 5. c4 Ngf6 6. Nc3 O-O 7. O-O e5 8. h3
Re8 9. e4 exd4 10. Nxd4 a6 11. Be3 Rb8 12. a4 c6 13. Qc2 a5 14. Rad1 Qc7 15.
Rfe1 Bf8 16. f4 Nc5 17. Bf2 Bd7 18. g4 Rbd8 19. Kh1 Bc8 20. Bh4 Be7 21. Bg3 Bf8
22. Rf1 Nfd7 23. Bh4 Be7 24. Bxe7 Rxe7 25. Ndb5 Qb8 26. Nxd6 Qa7 27. e5 Qb6 28.
Nde4 Rf8 29. Rd6 Qb4 30. Qf2 Qxc4 31. Qh4 f6 32. Rfd1 Rfe8 33. R6d4 Qb3 34. exf6
Rf7 35. Nd6 Ref8 36. Nxf7 Rxf7 37. g5 Qxb2 38. Ne4 Nxe4 39. Rxe4 h5 40. Re8+ Rf8
41. Rxc8 Rxc8 42. Rxd7 1-0

[Event "32nd Pula Open 2018"]
[Site "Pula CRO"]
[Date "2018.06.27"]
[Round "6.4"]
[White "Loncar, Robert"]
[Black "Ostovic, Matija"]
[Result "1/2-1/2"]
[WhiteTitle "IM"]
[BlackTitle "FM"]
[WhiteElo "2423"]
[BlackElo "2352"]
[WhiteFideId "14501325"]
[BlackFideId "14515547"]
[EventDate "2018.06.23"]

1. c4 Nf6 2. Nc3 d5 3. cxd5 Nxd5 4. e4 Nb4 5. d3 e5 6. Be3 Be7 7. Nf3 Bg4 8. a3
Bxf3 9. gxf3 N4c6 10. Nd5 Nd7 11. Rc1 Nb6 12. Nxe7 Qxe7 13. Rg1 Qf6 14. b4 O-O
15. Bh3 Nd4 16. Bxd4 exd4 17. Rxc7 Nd5 18. Rc5 Nf4 19. Bf1 Qh4 20. h3 Nxh3 21.
Bxh3 Qxh3 22. Qd2 g6 23. Ke2 Rac8 24. Rgc1 Qe6 25. Qb2 Rxc5 26. bxc5 Qd7 27. Rc4
Rc8 28. Rxd4 Qe7 29. Rb4 Qxc5 30. Rxb7 a5 31. Rb5 Qc7 32. Qd2 a4 33. Rb4 Qd7 34.
Qd1 Ra8 35. Qa1 h5 36. Qd4 Qc6 37. Rc4 Qb5 38. Rb4 Qc6 39. Qc4 Qf6 40. Qd4 Qc6 1/2-1/2

[Event "32nd Pula Open 2018"]
[Site "Pula CRO"]
[Date "2018.06.27"]
[Round "6.6"]
[White "Zufic, Miroslav"]
[Black "Zelcic, Robert"]
[Result "0-1"]
[WhiteTitle "IM"]
[BlackTitle "GM"]
[WhiteElo "2384"]
[BlackElo "2499"]
[WhiteFideId "14506157"]
[BlackFideId "14500310"]
[EventDate "2018.06.23"]

1. d4 Nf6 2. Nf3 d5 3. Bf4 e6 4. e3 Bd6 5. Bg3 c5 6. Nbd2 Nc6 7. c3 O-O 8. Bd3
b6 9. Qe2 Qc7 10. e4 dxe4 11. Nxe4 Nxe4 12. Bxe4 f5 13. Bxd6 Qxd6 14. dxc5 bxc5
15. Rd1 Qc7 16. Bxc6 Qxc6 17. c4 Bb7 18. O-O Rf6 19. Ne1 e5 20. Qxe5 Re8 21.
Qd5+ Qxd5 22. cxd5 Rd6 23. Nd3 Rxd5 24. Nf4 Rd4 25. Rxd4 cxd4 26. h4 Re4 27. g3
Re7 28. Rd1 Re3 29. Rxd4 Rxg3+ 0-1

[Event "32nd Pula Open 2018"]
[Site "Pula CRO"]
[Date "2018.06.27"]
[Round "6.7"]
[White "Fernandez, Daniel Howard"]
[Black "Fossum, Oystein Boyum"]
[Result "1-0"]
[WhiteTitle "GM"]
[WhiteElo "2485"]
[BlackElo "2257"]
[WhiteFideId "5801605"]
[BlackFideId "1503430"]
[EventDate "2018.06.23"]

1. e4 c5 2. Nf3 g6 3. d4 cxd4 4. c3 Bg7 5. Bc4 e6 6. O-O Ne7 7. cxd4 d5 8. exd5
exd5 9. Bb5+ Nbc6 10. h3 O-O 11. Nc3 Nf5 12. Bxc6 bxc6 13. Bf4 Re8 14. Qd2 Qa5
15. Rfe1 Be6 16. g4 Ne7 17. Be5 Nc8 18. Qf4 h6 19. Bxg7 Kxg7 20. g5 h5 21. Qf6+
Kg8 22. Ne5 Qd8 23. Nxc6 Qb6 24. Ne5 Qd8 25. Qxd8 Rxd8 26. Nxg6 Bxh3 27. Nf4 Bg4
28. Ncxd5 Kg7 29. Kg2 Rb8 30. b3 Nb6 31. Nxb6 Rxb6 32. d5 Rb4 33. Kg3 Rxf4 34.
Kxf4 Rxd5 35. Re5 Rd3 36. Re3 Rd5 37. f3 Be6 38. Re5 Rd2 39. Rae1 Rxa2 40. Rxe6
fxe6 41. Rxe6 Rb2 42. Re7+ Kg6 43. Rxa7 Rxb3 44. Ra6+ Kg7 45. Rh6 Rb4+ 46. Kg3
Ra4 47. f4 Ra3+ 48. Kh4 Rf3 49. Rf6 Rf1 50. Kxh5 Rg1 51. Ra6 Rh1+ 52. Kg4 Rb1
53. Ra7+ Kg8 54. Kh5 1-0

[Event "32nd Pula Open 2018"]
[Site "Pula CRO"]
[Date "2018.06.27"]
[Round "6.9"]
[White "Petran, Peter"]
[Black "Fercec, Nenad"]
[Result "1/2-1/2"]
[WhiteTitle "IM"]
[BlackTitle "GM"]
[WhiteElo "2302"]
[BlackElo "2436"]
[WhiteFideId "14900114"]
[BlackFideId "14500299"]
[EventDate "2018.06.23"]

1. Nf3 d5 2. g3 g6 3. Bg2 Bg7 4. c4 dxc4 5. Qa4+ Nc6 6. Qxc4 Nf6 7. O-O O-O 8.
d3 h6 9. Nc3 e5 10. Qh4 Ne8 11. Qxd8 Nxd8 12. Be3 Ne6 13. Rfc1 c6 14. b4 Nd6 15.
Rab1 Bd7 16. Na4 Nb5 17. Nc5 Nxc5 18. bxc5 Rab8 19. a4 Nc7 20. d4 Bf5 21. Rb2
Nd5 22. Nxe5 Nxe3 23. fxe3 Bxe5 24. dxe5 Rfe8 25. Rc4 Rxe5 26. Rcb4 Rxc5 27.
Rxb7 Rxb7 28. Rxb7 a5 29. Rc7 Rc4 30. Rxc6 Rxa4 31. Bd5 Be4 32. Bxe4 Rxe4 33.
Ra6 Rxe3 34. Rxa5 Rxe2 35. Ra7 h5 36. h4 Kg7 37. Ra6 Rd2 38. Rb6 Kf8 39. Ra6 Ke7
40. Rb6 Rd6 41. Rb2 Ke6 42. Kg2 Rd4 43. Rf2 f5 44. Re2+ Re4 45. Ra2 f4 46. Ra5
fxg3 47. Kxg3 Re3+ 48. Kg2 Re5 49. Ra6+ Kf5 50. Kf3 Rd5 51. Rb6 Rd3+ 52. Kg2 Re3
53. Ra6 Re6 54. Ra5+ Re5 55. Ra6 1/2-1/2